KOHA-Header-6

Computer Systems Design and Architecture (Record no. 7488)

000 -LEADER
fixed length control field 00276nam a2200109Ia 4500
100 ## - MAIN ENTRY--AUTHOR NAME
Personal name Jordan,Harry F.
245 #0 - TITLE STATEMENT
Title Computer Systems Design and Architecture
260 ## - PUBLICATION, DISTRIBUTION, ETC. (IMPRINT)
Place of publication Pakistan
Name of publisher Addision
Year of publication 1997
300 ## - PHYSICAL DESCRIPTION
Number of Pages 571
942 ## - ADDED ENTRY ELEMENTS (KOHA)
Koha item type Books
Holdings
Withdrawn status Lost status Collection code Permanent Location Current Location Shelving location Date acquired Full call number Accession Number Koha item type
    Electrical Engineering MAJU MAJU Shelf No.A25 2019-09-12 005.133 1366 Electrical Engineering

Powered by Koha